Ciudad Obregón Int. Airport Destinations (Ciudad Obregón, Mexico) - Statistics

General Stats
  • This quiz has been taken 20 times
    9 since last reset
  • The average score is 6 of 9
Answer Stats
Airline Destination % Correct
Volaris Guadalajara
100%
Aeroméxico Connect Mexico City
100%
Viva Monterrey
100%
Volaris Tijuana
100%
Viva Mexico City (AIFA)
80%
Aéreo Servicio Guerrero/Aero Pacífico San José del Cabo
60%
Aéreo Servicio Guerrero Ciudad Constitución
40%
Aéreo Servicio Guerrero La Paz
40%
Aéreo Servicio Guerrero Guerrero Negro
20%
No matching quizzes found
Score Distribution
Percent of People with Each Score
Percentile by Number Answered
Your Score History
You have not taken this quiz since the last reset